| 000 | 00766nam a2200217 a 4500 | ||
|---|---|---|---|
| 001 | 621 | ||
| 005 | 20221127090004.0 | ||
| 006 | a d 000 0 | ||
| 008 | 050920s lle d 00000 ara d | ||
| 020 | _cرس 100.00 | ||
| 035 | _a634 | ||
| 082 | 0 | 4 |
_a403 _bم907 ث |
| 245 | 0 | 2 |
_aالمورد الثلاثي : _bقاموس ثلاثي اللغات : عربي ـ انجليزي ـ فرنسي / _cمنير البعلبكي. |
| 250 | _aط. 3. | ||
| 260 |
_aبيروت : _bدار العلم للملايين، _c2005. |
||
| 300 |
_a1953 ص. ؛ _c24 سم. |
||
| 650 | 4 |
_aاللغة العربية _vمعاجم. |
|
| 650 | 4 |
_aاللغة الانجليزية _vمعاجم. |
|
| 650 | 4 |
_aاللغة الفرنسية _vمعاجم. |
|
| 700 | 0 | _aالبعلبكي، روحي. | |
| 999 |
_c621 _d621 |
||